Computer simulation of thermal plant operations (Record no. 355833)
[ view plain ]
| 000 -LEADER | |
|---|---|
| fixed length control field | 01900cam a22003977i 4500 |
| 001 - CONTROL NUMBER | |
| control field | 10188612 |
| 003 - CONTROL NUMBER IDENTIFIER | |
| control field | USPCAS-E |
| 005 - DATE AND TIME OF LATEST TRANSACTION | |
| control field | 20180118181415.0 |
| 006 - FIXED-LENGTH DATA ELEMENTS--ADDITIONAL MATERIAL CHARACTERISTICS | |
| fixed length control field | m d |
| 007 - PHYSICAL DESCRIPTION FIXED FIELD--GENERAL INFORMATION | |
| fixed length control field | cr n |
| 008 - FIXED-LENGTH DATA ELEMENTS--GENERAL INFORMATION | |
| fixed length control field | 120426t20132013nyua sb 001 0 eng d |
| 015 ## - NATIONAL BIBLIOGRAPHY NUMBER | |
| National bibliography number | GBB2B2760 |
| Source | bnb |
| 016 7# - NATIONAL BIBLIOGRAPHIC AGENCY CONTROL NUMBER | |
| Record control number | 016206415 |
| Source | Uk |
| 020 ## - INTERNATIONAL STANDARD BOOK NUMBER | |
| International Standard Book Number | 9781461442554 (alk. paper) |
| 020 ## - INTERNATIONAL STANDARD BOOK NUMBER | |
| International Standard Book Number | 1461442559 (alk. paper) |
| 020 ## - INTERNATIONAL STANDARD BOOK NUMBER | |
| Canceled/invalid ISBN | 9781461442561 (eBook) |
| 035 ## - SYSTEM CONTROL NUMBER | |
| System control number | (WaSeSS)ssj0000810686 |
| 040 ## - CATALOGING SOURCE | |
| Original cataloging agency | BTCTA |
| Language of cataloging | eng |
| Transcribing agency | BTCTA |
| Modifying agency | UKMGB |
| -- | YDXCP |
| -- | BWX |
| -- | SYB |
| -- | OCLCO |
| -- | WTU |
| -- | AU@ |
| -- | OCLCA |
| -- | OCLCQ |
| -- | DLC |
| -- | WaSeSS |
| 042 ## - AUTHENTICATION CODE | |
| Authentication code | lccopycat |
| 050 #4 - LIBRARY OF CONGRESS CALL NUMBER | |
| Classification number | TJ260 |
| Item number | .O34 2013 |
| 050 #4 - LIBRARY OF CONGRESS CALL NUMBER | |
| Classification number | T58.8 |
| 050 #4 - LIBRARY OF CONGRESS CALL NUMBER | |
| Classification number | TJ260 |
| 082 04 - DEWEY DECIMAL CLASSIFICATION NUMBER | |
| Classification number | 621.4020113 |
| Edition number | 23 |
| Author Mark | KEL-C 2013 |
| 100 1# - MAIN ENTRY--PERSONAL NAME | |
| Personal name | O'Kelly, Peter. |
| 210 10 - ABBREVIATED TITLE | |
| Abbreviated title | Computer simulation of thermal plant operations |
| 245 10 - TITLE STATEMENT | |
| Title | Computer simulation of thermal plant operations |
| Medium | [electronic resource] / |
| Statement of responsibility, etc. | Peter O'Kelly. |
| 502 ## - DISSERTATION NOTE | |
| Dissertation note | 0 |
| 504 ## - BIBLIOGRAPHY, ETC. NOTE | |
| Bibliography, etc. note | Includes bibliographical references (pages 495-499) and index. |
| 505 0# - FORMATTED CONTENTS NOTE | |
| Formatted contents note | Preface -- Plant simulation modules and functional groups -- Numerical methods -- Thermodynamic and transport properties of materials -- Conservation equations for flow systems -- Static components -- Turbomachines -- Heat transfer -- Heat exchangers -- Temperatures through component walls -- Furnaces, fuels and heat release -- Boiler circuits and steam generation -- Two-phase effects in steam flows -- Steam turbines -- Steam condensation -- Deaerators and feedwater heaters -- Simulation of complex networks. |
| 506 ## - RESTRICTIONS ON ACCESS NOTE | |
| Terms governing access | License restrictions may limit access. |
| 650 #0 - SUBJECT ADDED ENTRY--TOPICAL TERM | |
| Topical term or geographic name entry element | Heat engineering |
| General subdivision | Computer simulation. |
| 773 #0 - HOST ITEM ENTRY | |
| Title | SpringerLink ebooks - Energy (2013) |
| 856 40 - ELECTRONIC LOCATION AND ACCESS | |
| Uniform Resource Identifier | <a href="http://www.columbia.edu/cgi-bin/cul/resolve?clio10188612">http://www.columbia.edu/cgi-bin/cul/resolve?clio10188612</a> |
| Public note | Full text available from SpringerLink ebooks - Energy (2013) |
| 910 ## - USER-OPTION DATA (OCLC) | |
| User-option data | Library of Congress record |
| 942 ## - ADDED ENTRY ELEMENTS (KOHA) | |
| Source of classification or shelving scheme | |
| Koha item type | Book |
| Withdrawn status | Lost status | Source of classification or shelving scheme | Damaged status | Not for loan | Collection code | Permanent Location | Current Location | Shelving location | Date acquired | Source of acquisition | Total Checkouts | Full call number | Barcode | Date last seen | Date last checked out | Price effective from | Koha item type | Copy number |
|---|---|---|---|---|---|---|---|---|---|---|---|---|---|---|---|---|---|---|
| US-Pakistan Center for Advanced Studies in Energy (USPCAS-E) | US-Pakistan Center for Advanced Studies in Energy (USPCAS-E) | 12/28/2015 | Progressive | 1 | 621.4020113 KEL-C 2013 | CAS-E0000943 | 09/20/2016 | 06/27/2016 | 12/28/2015 | Book | ||||||||
| US-Pakistan Center for Advanced Studies in Energy (USPCAS-E) | US-Pakistan Center for Advanced Studies in Energy (USPCAS-E) | 12/28/2015 | Progressive | 621.4020113 KEL-C 2013 | CAS-E0000944 | 12/28/2015 | 12/28/2015 | Book | C.2 |
